000 01032cam a22003377a 4500
003 CHAP
005 20220329135532.0
008 971013s1944 r 00010 d
010 _a38149
011 _a39121
035 _a43241
040 _cCHAP
090 _aTesis
100 0 0 _aPatiño Navarrete, Jesús.
_986182
245 1 4 _aLas quinas y su cultivo
260 _aMéxico :
_bEl autor,
_c1944
300 _a231 h.
500 _ac.3 en Microficha
502 _aTesis (Ing. Agr. Esp. en Fitotecnia) -- ENA. Departamento de Fitotecnia
590 _aALEPH
_b10
_c20130110
_lUCH01
_h1304
590 _aBATCH-UPD
_b10
_c20130110
_lUCH01
_h2254
590 _aBATCH-UPD
_b10
_c20130410
_lUCH01
_h1548
590 _aBATCH-UPD
_b10
_c20130914
_lUCH01
_h0939
590 _aCONVERSION
_b10
_c20130109
_lUCH01
_h1321
650 1 4 _aCinchona.
_923318
901 _aBK
942 _cFOLL
949 _bBC
_cMF
_d-99208
_eMF
_fc.3
_i43241
_si
949 _bBC
_cTES
_d-99206
_eTS1
_i43241
_si
949 _bBC
_cTES
_d-99207
_eTS2
_fc.2
_h20491
_i43241
_si
999 _c38149
_d38149